Т. 161; Известия Томского политехнического института [Известия ТПИ]

التفاصيل البيبلوغرافية
Parent link:Известия Томского политехнического института [Известия ТПИ]/ Томский политехнический институт (ТПИ). Т. 161.— , 1944-1976
الملخص:Посвящается 50-летию Советской власти
اللغة:الروسية
منشور في: 1967
الموضوعات:
التنسيق: كتاب
KOHA link:https://koha.lib.tpu.ru/cgi-bin/koha/opac-detail.pl?biblionumber=211209

MARC

LEADER 00000nam2a2200000 4500
001 211209
005 20231031192414.0
035 |a (RuTPU)RU\TPU\book\230697 
035 |a RU\TPU\book\226017 
090 |a 211209 
100 |a 20120311d1967 k y0rusy50 ca 
101 0 |a rus 
102 |a RU 
105 |a a z 000zy 
200 0 |a Т. 161 
210 |d 1967 
215 |a 176 с.  |c рис., граф., табл., схемы 
300 |a Посвящается 50-летию Советской власти 
461 1 |0 (RuTPU)RU\TPU\book\200995  |t Известия Томского политехнического института [Известия ТПИ]  |f Томский политехнический институт (ТПИ)  |v Т. 161  |d 1944-1976 
601 0 2 |a Томский политехнический институт (ТПИ)  |c (1944-1991)  |2 stltpush  |3 (RuTPU)RU\TPU\col\1123 
610 1 |a научные исследования 
610 1 |a управляемые преобразователи 
610 1 |a вентильные электроприводы 
610 1 |a асинхронные двигатели 
610 1 |a скорость 
610 1 |a регулирование 
610 1 |a схемы 
610 1 |a автономные коммутирующие устройства 
610 1 |a электропоезда 
610 1 |a торможение 
610 1 |a следящие электроприводы 
610 1 |a электрические машины 
610 1 |a импульсное возбуждение 
610 1 |a роторы 
610 1 |a литейные дефекты 
610 1 |a оценка 
610 1 |a трансформаторы 
610 1 |a конструкции 
610 1 |a частота 
610 1 |a утроители 
610 1 |a электромагниты 
610 1 |a обмотки 
610 1 |a экситроны 
610 1 |a труды учёных ТПУ 
675 |a 62  |v 3 
801 1 |a RU  |b 63413507  |c 20090209  |g PSBO 
801 2 |a RU  |b 63413507  |c 20130326  |g PSBO 
942 |c BK